000 00726cam a2200181 4500
020 _a0700223460
082 0 0 _a624.171
_bGHA
_cL-38, P-113
100 1 _aGhali, A.
_936416
245 1 0 _aStructural analysis:
_ba unified classical and matrix approach
_c[by] A. Ghali [and] A. M. Neville. Chapters 20 and 24 written in collaboration with the authors by Y. K. Cheung.
260 _aScranton,
_bIntext Educational Publishers
_c[1972]
300 _axx, 769 p.
_billus.
_c24 cm.
490 0 _aThe Intext series in civil engineering
526 _a0
_b0
_c0
_d624_171000000000000_GHA
650 0 _aMCE
_9379
650 0 _aStructural analysis (Engineering)
_xMatrix methods.
_91143
700 1 _aNeville, Adam M.,
_936418
942 _2ddc
_cBK
999 _c546562
_d546562